Collectanea moralis philosophiae per communes locos digesta / collectore F. Ludovico Granatensi Monacho Dominicano. Accedit Joh. Bapt. Munnozi.. De scriptorum gentilium lectione, et profanarum disciplinarum studiis ad christianae pietatis normam exigendis prolusio

Detalles Bibliográficos
Formato: Libro
Lenguaje:Undetermined
Latin
Publicado: Valentiae : ex praelo Josephí et Thomae de Orga, 1775.
Materias:
Colección:Banco de datos
Acervo:Biblioteca Palafoxiana. Colección bibliográfica
Descripción Física:663 p. ; 4°
Tema general:Moral
Notas:Número de localización: 27241
LEADER 00704nam a2200157Ia 4500
008 150723s9999 xx 000 0 und d
041 0 |a lat 
050 0 |a PAFX BV610 C6 
245 1 0 |a Collectanea moralis philosophiae per communes locos digesta / collectore F. Ludovico Granatensi Monacho Dominicano. Accedit Joh. Bapt. Munnozi.. De scriptorum gentilium lectione, et profanarum disciplinarum studiis ad christianae pietatis normam exigendis prolusio 
260 |a Valentiae : ex praelo Josephí et Thomae de Orga, 1775. 
300 |a 663 p. ; 4° 
500 |a Número de localización: 27241 
650 1 0 |a Moral 
942 |c PALALIB 
943 |g Biblioteca Palafoxiana. Colección bibliográfica 
999 |c 1056863  |d 1056863